Las Nuragas / por Giovanni Lilliu
Descripción Física:
145 p. : il., amb làm. ; 27 cm
Colección:
Monografías ; 3
MARC
| LEADER | 00000nam a2200000Ia 4500 | ||
|---|---|---|---|
| 001 | 7800 | ||
| 008 | 160829s1962 xx 000 0 cat d | ||
| 080 | |a H-2-80 | ||
| 100 | |a Lilliu, Giovanni |9 32232 | ||
| 245 | |a Las Nuragas / por Giovanni Lilliu | ||
| 260 | |a Barcelona : |b Diputación. Instituto de Prehistoria y Arqueología, |c 1962 | ||
| 300 | |a 145 p. : |b il., amb làm. ; |c 27 cm | ||
| 490 | |a Monografías ; 3 | ||
| 650 | |a Megàlits |x Sardenya |9 32233 | ||
| 650 | |a Dòlmens |x Sardenya |9 32234 | ||
| 650 | |a Sardenya |x Arqueologia |9 32235 | ||
| 710 | 2 | |a Instituto de Prehistoria y Arqueología (Barcelona, Catalunya) |9 54255 | |
| 901 | |a Arxiu | ||
| 942 | |n 1 |2 udc | ||
| 952 | |0 0 |1 0 |4 0 |6 H280 |7 1 |9 45914 |a Arxiu |b Arxiu |d 2016-12-01 |l 0 |o H-2-80 |p 7800 |r 2016-12-01 00:00:00 |w 2016-12-01 |y ARXIU | ||
| 999 | |c 49415 |d 49415 | ||